Dark city : the film noir /

Bibliographic Details
Main Author: Selby, Spencer
Format: Book
Language:English
Published: Jefferson, N.C. : McFarland, [1984]
Subjects:

MARC

Tag First Indicator Second Indicator Subfields
LEADER 00000cam a2200000 a 4500
001 in00000014399
005 20151007052215.0
008 830930s1984 ncua b 00110 eng
010 |a  83019984  
020 |a 0899501036 :  |c $20.00 (est.) 
035 |a (OCoLC)10021932 
035 |9 AAA6765AM 
040 |a DLC  |c DLC  |d TXA  |d UtOrBLW 
043 |a n-us--- 
049 |a [Curr Col] TXAM  |c [A11036223] 
050 0 0 |a PN1995.9.G3  |b S44 1984 
082 0 |a 791.43/09/09355  |2 19 
100 1 |a Selby, Spencer. 
245 1 0 |a Dark city :  |b the film noir /  |c by Spencer Selby. 
264 1 |a Jefferson, N.C. :  |b McFarland,  |c [1984] 
264 4 |c ©1984 
300 |a viii, 255 pages :  |b illustrations ;  |c 24 cm. 
336 |a text  |b txt  |2 rdacontent 
337 |a unmediated  |b n  |2 rdamedia 
338 |a volume  |b nc  |2 rdacarrier 
504 |a Filmography: pages 125-197. 
504 |a Bibliography: page 220. 
500 |a Includes indexes. 
650 0 |a Gangster films  |z United States  |x Themes, motives. 
650 0 |a Detective and mystery films  |z United States  |x Themes, motives. 
650 0 |a Film noir  |z United States. 
999 |a MARS 
999 f f |s b837b38a-43d6-3f2e-b195-ac7c1a5d5d07  |i 43609607-e32d-3148-bdc6-5fa5425d58b3  |t 0 
952 f f |p ric  |a Texas A&M University  |b Rellis Campus  |c Joint Library Facility  |d Remote Storage  |t 0  |e PN1995.9.G3 S44 1984  |h Library of Congress classification  |i unmediated -- volume  |m A14811036223 
998 f f |a PN1995.9.G3 S44 1984  |t 0  |l Remote Storage